000 01113cam a22003017i 4500
001 15397154
003 EG-ScBUE
005 20260315091317.0
008 080805s2008 enka f b 001 0 eng d
020 _a9780521881517 (hbk)
035 _a(OCoLC)ocn181141231
040 _aEG-ScBUE
_beng
_erda
_cEG-ScBUE
_dEG-ScBUE
082 0 4 _a553.280151
_bOLI
_222
100 1 _aOliver, Dean Stuart,
_95082
_eauthor.
245 1 0 _aInverse theory for petroleum reservoir characterization and history matching /
_cDean S. Oliver, Albert C. Reynolds, Ning Liu.
264 1 _aCambridge :
_bCambridge University Press,
_c2008.
300 _axii, 380 pages :
_billustrations ;
_c26 cm
336 _2rdacontent
_atext
_btxt
337 _aunmediated
_2rdamedia
_bn
338 _avolume
_bnc
_2rdacarrier
504 _aIncludes bibliographical references and index.
650 7 _aInversion (Geophysics)
_95084
_2BUEsh
650 7 _95083
_aPetroleum reserves
_xMathematical models.
_2BUEsh
655 _vReading book
700 1 _aReynolds, Albert C.,
_95085
_eauthor.
700 1 _aLiu, Ning,
_d1979-
_95086
_eauthor.
942 _2ddc
_cBB
999 _c11606
_d11606